000 00628nam a2200193Ia 4500
003 GCL
008 140319s9999 xx 000 0 ara d
020 _a9114324977
040 _aGCL /
_cGCL
082 0 4 _a813.03
_bن ش
100 1 _aنجلاء محمود محرم
245 1 0 _aشرشبيل /
_cنجلاء محمود محرم
250 _aالاولى
260 _aالقاهرة :
_bدار السلام للطباعة والنشر والتوزيع ،
_c2005
300 _a160 ص ؛
_c20 سم
650 0 4 _aالقصص العربية
650 0 4 _aالقصص العربية - العصر الحديث
942 _2ddc
_cBK
999 _c7617
_d7617